QUEST Central Library Banner

Machine Design (Record no. 8670)

MARC details
000 -LEADER
fixed length control field 00336nam a2200121 4500
082 ## - DEWEY DECIMAL CLASSIFICATION NUMBER
Classification number 621.815NAG
100 ## - MAIN ENTRY--AUTHOR NAME
Personal name Nagpal, G.R.
245 ## - TITLE STATEMENT
Title Machine Design
260 ## - PUBLICATION, DISTRIBUTION, ETC. (IMPRINT)
Place of publication India:
Name of publisher Khanna Publishers,
Year of publication 1997.
300 ## - PHYSICAL DESCRIPTION
Number of Pages 943p. ;
856 ## - ELECTRONIC LOCATION AND ACCESS
Uniform Resource Identifier http://books.google.com.pk/books/about/Machine_Design.html?id=sy3pnAEACAAJ&redir_esc=y
942 ## - ADDED ENTRY ELEMENTS (KOHA)
Koha item type Books
Holdings
Withdrawn status Lost status Home library Current library Date acquired Full call number Accession Number Koha item type Cost, normal purchase price
    Central Library, QUEST, Nawabshah Central Library, QUEST, Nawabshah 11/08/2014 621.815NAG 21721 Books  
    Central Library, QUEST, Nawabshah Central Library, QUEST, Nawabshah 11/08/2014 621.815NAG 21722 Books  
    Central Library, QUEST, Nawabshah Stacks area 28/08/2014 621.815NAG 19048 Books 122.00

Copyright © 2018,The QUEST, Nawabshah, Shaheed Benazirabad. All rights reserved
Mr. G. Farooq Channar (Librarian) QUEST, Nawabshah, Sindh, Pakistan 67480.
 Ph#: |   0244-9370381-4 Ext. 2308   Email| lib@quest.edu.pk   Web|  http://www.quest.edu.pk